Paesi della Primavera Araba - Statistics

Statistiche generali
  • Questo quiz è stato fatto 5.563 volte
  • Il punteggio medio è 4 su 5
Statistiche sulle risposte
Paese % Corretto
Egitto
91%
Libia
82%
Siria
72%
Tunisia
72%
Yemen
49%
Nessun quiz corrispondente trovato
Distribuzione punteggi
Percentuale di utenti per punteggio
Percentile per numero di risposta
I tuoi punteggi nel tempo
Non hai fatto questo quiz